[Event "7th Uppsala Young Champions"]
[Site "Uppsala"]
[Date "2020.10.26"]
[Round "6.12"]
[White "Hrescak, Ivana"]
[Black "Olsson, William"]
[Result "1/2-1/2"]
[WhiteElo "2237"]
[BlackElo "2192"]
[Annotator "NA"]
[PlyCount "82"]
[EventDate "2020.10.23"]
[EventType "swiss"]
[EventCountry "SWE"]
[SourceTitle "playchess.com"]
[Source "ChessBase"]
[SourceQuality "1"]
[TimeControl "5400+30"]

{[%evp 11,74,-31,32767,32767,32767,32767,-22,-41,-25,-19,32767,32767,7,-27,11,7,14,14,37,12,0,-40,-29,-42,-8,0,0,-6,-14,-10,0,-18,7,32767,80,0,32767,32767,32767,32767,32767,32767,112,11,66,32767,32767,58,63,56,60,57,137,51,69,32767,140,3,115,56,83,39,32767,40,69]} 1. Nf3 {[%emt 0:00:00]} d5 {[%emt 0:00:00]} 2. g3 {[%emt 0:00:00]} c5 {[%emt 0:00:00]} 3. Bg2 {[%emt 0:00:00]} Nc6 {[%emt 0:00:00]} 4. d3 {[%emt 0:00:02]} Nf6 {[%emt 0:00:21]} 5. O-O {[%emt 0:00:06]} e5 {[%emt 0:01:40]} 6. Nbd2 {[%emt 0:01:09]} Be7 {[%emt 0:01:20]} 7. e4 {[%emt 0:00:22]} O-O {[%emt 0:00:29]} 8. Re1 {[%emt 0:00:49]} d4 {[%emt 0:00:43]} 9. Nc4 {[%emt 0:00:18]} Qc7 {[%emt 0:01:05] A08: King's Indian Attack.} 10. a4 {[%emt 0:00:31]} b6 {[%emt 0:00:36]} 11. Nh4 {[%emt 0:01:39] [#]} Re8 $146 {[%emt 0:10:16]} ({Predecessor:} 11... g6 12. Bh6 Re8 13. h3 Rb8 14. b3 a6 15. Kh2 b5 16. axb5 axb5 17. Nd2 Be6 {0-1 (46) Petrov,P (2095)-Simeonov,S (2370) Sofia 2004}) 12. f4 {[%emt 0:01:45]} Nd7 {[%emt 0:00:46]} 13. Nf5 {[%emt 0:05:12]} Bf8 {[%emt 0:00:50]} 14. Rf1 {[%emt 0:00:22]} a6 {[%emt 0:05:17]} 15. c3 {[%emt 0:06:06]} (15. Qg4 $5 {[%cal Rf5h6]}) 15... Rb8 {[%emt 0:04:53]} 16. cxd4 {[%emt 0:01:04]} cxd4 {[%emt 0:02:04]} 17. Kh1 {[%emt 0:05:57]} b5 {[%emt 0:06:07]} 18. axb5 {[%emt 0:00:10]} axb5 {[%emt 0:01:05]} 19. Nxe5 {[%emt 0:00:12]} Ndxe5 {[%emt 0:00:07]} 20. fxe5 {[%emt 0:00:06]} Nxe5 {[%emt 0:00:18]} 21. Bf4 {[%emt 0:02:04]} Qb6 {[%emt 0:04:08]} 22. Rc1 {[%emt 0:05:10]} Ra8 {[%emt 0:03:59] [#]} (22... Bd7 $11 {keeps the balance.}) 23. Qd2 {[%emt 0:04:09]} (23. Nh6+ $1 $16 gxh6 24. Bxe5) 23... Ng6 {[%emt 0:12:24]} 24. Bc7 {[%emt 0:04:58]} Qa7 {[%emt 0:07:38]} 25. Qf2 {[%emt 0:02:29]} Ne5 {[%emt 0:07:18]} 26. Bxe5 {[%emt 0:05:07]} Rxe5 {[%emt 0:00:15]} 27. Qxd4 {[%emt 0:01:23]} (27. Ra1 $16 Ba6 28. Ra2 (28. Nxd4 f6 $16)) 27... Rxf5 {[%emt 0:02:10]} 28. Qxa7 {[%emt 0:00:13]} Rxf1+ {[%emt 0:00:04]} 29. Bxf1 {[%emt 0:00:05]} Rxa7 {[%emt 0:00:06]} 30. Rxc8 {[%emt 0:00:09]} Ra1 {[%emt 0:01:29]} 31. Kg2 {[%emt 0:03:28]} Ra2 {[%emt 0:00:10] [#]} (31... f6 $14) 32. Rc2 {[%emt 0:17:30]} ({Better is} 32. e5 $1 $16) 32... Ba3 {[%emt 0:00:23]} 33. Kf3 {[%emt 0:00:50]} Rxb2 {[%emt 0:00:41]} ({Black should try} 33... f6 $1 $14) 34. Rc8+ {[%emt 0:08:35]} Bf8 {[%emt 0:00:08] [#]} 35. d4 {[%emt 0:00:59]} ({Better is} 35. e5 $1 $16) 35... Rb3+ {[%emt 0:08:21]} 36. Kf2 {[%emt 0:03:20]} f6 {[%emt 0:06:42]} 37. Rb8 $14 {[%emt 0:04:08]} Kf7 {[%emt 0:00:06]} 38. Bxb5 {[%emt 0:05:23]} Rb4 {[%emt 0:02:29]} 39. Ke3 {[%emt 0:02:41]} Bd6 {[%emt 0:02:52]} 40. Rb7+ {[%emt 0:00:56]} Kf8 {[%emt 0:01:03]} 41. Bc6 {[%emt 0:05:14]} Rxb7 {[%emt 0:01:14]} 1/2-1/2

[Event "7th Uppsala Young Champions"]
[Site "Uppsala"]
[Date "2020.10.26"]
[Round "6.13"]
[White "Rasti, Arvin"]
[Black "Kruckenhauser, Arthur"]
[Result "1-0"]
[WhiteElo "2201"]
[BlackElo "2301"]
[Annotator "TA"]
[PlyCount "47"]
[EventDate "2020.10.23"]
[EventType "swiss"]
[EventCountry "SWE"]
[SourceTitle "playchess.com"]
[Source "ChessBase"]
[SourceQuality "1"]

{[%evp 12,47,60,42,83,75,105,113,118,88,120,114,113,41,47,29,135,136,163,164,171,117,243,245,231,241,217,202,192,171,177,166,239,235,234,215,224,205]} 1. d4 Nf6 2. c4 c5 3. d5 b5 4. cxb5 a6 5. f3 axb5 6. e4 e6 7. Bxb5 exd5 {A57: Benko/Volga Gambit.} 8. exd5 Bb7 9. Nc3 Bd6 {White is better.} 10. Qe2+ Qe7 {[#]} 11. Bg5 $146 ({Predecessor:} 11. Qxe7+ Bxe7 12. Bc4 Na6 13. Bf4 Nh5 14. Be3 O-O 15. Nge2 Rfe8 16. O-O Bd6 17. Bf2 {1-0 (41) Gulbis,A (2022)-Bebiak,J (2086) Slovakia 2002}) 11... Be5 12. d6 ({White should try} 12. O-O-O $16 Bxc3 13. bxc3) 12... Bxd6 $14 13. O-O-O {aiming for Rxd6.} Qxe2 (13... O-O $11) 14. Ngxe2 $16 ({But not} 14. Bxe2 $6 Be5 $11) 14... Be7 15. Rhe1 $36 {[%mdl 2048] Keeping Black busy.} h6 16. Bh4 (16. Bf4 $18) 16... g5 {[#] This costs Black the game.} (16... O-O $16 {was necessary.}) 17. Bf2 $1 $18 {Strongly threatening Ng3.White is clearly better.} Kd8 18. Ng3 {And now Rxe7! would win.} Re8 19. Bc4 Bf8 20. Bxf7 Rxe1 21. Rxe1 Kc7 (21... d5 $142 22. Nxd5 Bxd5 23. Bxd5 Nxd5) 22. Nf5 Nc6 23. Bg3+ Kb6 24. Ne3 {Av CentiPawn Loss W=-16/B=-24. Weighted=-16/-32} 1-0

[Event "7th Uppsala Young Champions"]
[Site "Uppsala"]
[Date "2020.10.26"]
[Round "6.14"]
[White "Ostlund, Joar"]
[Black "Nilsson, Joakim"]
[Result "0-1"]
[WhiteElo "2106"]
[BlackElo "2224"]
[Annotator "NA"]
[PlyCount "86"]
[EventDate "2020.10.23"]
[EventType "swiss"]
[EventCountry "SWE"]
[SourceTitle "playchess.com"]
[Source "ChessBase"]
[SourceQuality "1"]
[TimeControl "5400+30"]

{[%evp 9,67,9,24,32767,32767,32767,32767,33,32767,32767,32767,9,32,21,55,45,40,45,41,42,61,68,87,86,84,74,91,84,84,32767,32767,32767,32767,32767,32767,32767,32767,32767,32767,32767,32767,116,134,66,120,110,114,114,99,108,32767,123,189,144,258,227,295,308,32767,207]} 1. d4 {[%emt 0:00:00]} d5 {[%emt 0:00:00]} 2. Nf3 {[%emt 0:00:00]} Nf6 {[%emt 0:00:00]} 3. c4 {[%emt 0:00:00]} e6 {[%emt 0:00:00]} 4. Nc3 {[%emt 0:00:00]} Be7 {[%emt 0:00:00]} 5. Bf4 {[%emt 0:00:13]} O-O {[%emt 0:01:05]} 6. e3 {[%emt 0:00:17]} b6 {[%emt 0:03:42]} 7. Bd3 {[%emt 0:04:09]} dxc4 {[%emt 0:00:39]} 8. Bxc4 {[%emt 0:00:12]} Bb7 {[%emt 0:00:08]} 9. O-O {[%emt 0:01:02]} Bd6 {[%emt 0:03:15]} 10. Bg5 {[%emt 0:06:18]} Be7 {[%emt 0:09:22]} 11. Qe2 {[%emt 0:02:58]} Ne4 {[%emt 0:02:23] D53: Queen's Gambit Declined: 4 Bg5 Be7: Early deviations.} 12. Bxe7 {[%emt 0:10:05]} Qxe7 {[%emt 0:00:02]} 13. Rac1 {[%emt 0:00:50]} Nxc3 {[%emt 0:07:17]} 14. Rxc3 {[%emt 0:00:17] [#]} Nd7 $146 {[%emt 0:00:17]} ({Predecessor:} 14... c6 15. Bd3 Nd7 16. Be4 Rac8 17. Qc2 Nf6 18. Bxc6 Bxc6 19. Rxc6 Rxc6 20. Qxc6 Qb4 21. Qc2 Nd5 22. a3 Qd6 23. Rc1 Rd8 24. g3 f5 25. Ne5 h6 26. Qe2 Nf6 27. Qa6 {1-0 (26) Kozul,Z (2593)-Cassidy,J Kallithea 2008}) 15. Bb5 {[%emt 0:02:16]} c5 {[%emt 0:06:45]} 16. Bxd7 {[%emt 0:03:56]} Qxd7 {[%emt 0:00:05]} 17. dxc5 {[%emt 0:00:10]} bxc5 {[%emt 0:00:11]} 18. Rxc5 {[%emt 0:00:19]} Rac8 {[%emt 0:00:24]} 19. Rfc1 {[%emt 0:16:49]} Rxc5 {[%emt 0:00:51]} 20. Rxc5 {[%emt 0:00:05]} Qa4 {[%emt 0:04:58]} 21. a3 {[%emt 0:05:52]} Rd8 {[%emt 0:02:27]} 22. h3 {[%emt 0:02:04]} h6 {[%emt 0:05:16]} 23. Rc7 {[%emt 0:04:07]} Be4 {[%emt 0:04:18]} 24. Nd4 {[%emt 0:06:45]} Qa5 {[%emt 0:03:40]} 25. Rc3 {[%emt 0:02:08]} Qb6 {[%emt 0:03:45] [#]} 26. Nb3 {[%emt 0:07:10]} (26. b4 $1 $16) 26... Qd6 {[%emt 0:02:03]} ({Better is} 26... Bg6 $14) 27. Nc5 {[%emt 0:01:04]} Bg6 {[%emt 0:06:09]} 28. b4 {[%emt 0:02:26]} Qe5 {[%emt 0:00:34]} 29. Rc1 {[%emt 0:00:34]} Bh5 {[%emt 0:02:09]} 30. Qc2 {[%emt 0:04:55]} Bg6 {[%emt 0:01:30] [#]} (30... Kh8 $16 31. g4 Bg6) 31. Qa4 $1 {[%emt 0:01:22]} Qd5 {[%emt 0:05:44]} (31... Qb2 $16 32. Rf1 Kh7 33. Qxa7 Qc3) 32. Qxa7 {[%emt 0:07:24]} Qd2 {[%emt 0:02:48]} 33. Rf1 {[%emt 0:01:20]} Bh5 {[%emt 0:02:07]} 34. Ne4 $18 {[%emt 0:01:36]} (34. g4 $142) 34... Qb2 {[%emt 0:00:33]} 35. Qa5 {[%emt 0:02:34]} Rd5 {[%emt 0:00:21]} 36. Qa4 {[%emt 0:01:49]} Kh7 {[%emt 0:03:27]} 37. Nc5 {[%emt 0:00:43]} Rg5 {[%emt 0:04:17]} 38. Nd3 {[%emt 0:02:38]} Bf3 {[%emt 0:02:38]} 39. Ne1 {[%emt 0:01:13]} Qe2 {[%emt 0:05:35]} 40. h4 {[%emt 0:01:44]} Rg4 {[%emt 0:01:30]} 41. g3 {[%emt 0:00:24]} Be4 {[%emt 0:00:34]} 42. Qe8 {[%emt 0:00:41]} Rxh4 {[%emt 0:00:53]} 43. Ng2 {[%emt 0:00:30]} Rh1+ {[%emt 0:00:12]} 0-1

[Event "7th Uppsala Young Champions"]
[Site "Uppsala"]
[Date "2020.10.26"]
[Round "6.15"]
[White "Brozka, Karel"]
[Black "Rozman, Monika"]
[Result "1/2-1/2"]
[WhiteElo "2216"]
[BlackElo "2129"]
[Annotator "TA"]
[PlyCount "63"]
[EventDate "2020.10.23"]
[EventType "swiss"]
[EventCountry "SWE"]
[SourceTitle "playchess.com"]
[Source "ChessBase"]
[SourceQuality "1"]

{[%evp 21,63,-11,0,-8,11,8,8,5,5,0,0,11,18,16,29,10,31,2,8,-81,-68,-69,-75,-86,-77,-70,-74,-123,-122,-113,-74,-77,-70,-79,0,0,0,0,521,520,1434,-27,0,0]} 1. d4 d5 2. c4 c6 3. Nc3 Nf6 4. Nf3 dxc4 5. a4 Bf5 6. Ne5 Nbd7 7. Nxc4 Qc7 8. g3 e5 9. dxe5 Nxe5 10. Bf4 Nfd7 11. Nxe5 Nxe5 12. Bg2 {D17: Slav Defence: 5 a4 Bf5: Lines with 6 Nh4 and 6 Ne5.} Rd8 {[%cal Ba8d8,Bd8d6,Bd6d4][%mdl 32]} 13. Qb3 Bd6 14. O-O O-O 15. Rfd1 {[#]} Be6 $146 ({Predecessor:} 15... Qe7 16. Ne4 Bb8 17. Rxd8 Qxd8 18. Qxb7 Qd4 19. Nc3 c5 20. Bxe5 Qxe5 21. Rd1 Be6 {1-0 (31) Niiranen,P-Pietarinen,P Finland 1996}) 16. Qc2 Nc4 17. Bxd6 Rxd6 18. b3 Na5 19. Rdb1 {Threatens to win with Nb5!} Qe7 20. Be4 (20. b4 $11 Nc4 21. Ne4) 20... f5 $36 {[%mdl 2048] Black is pushing.} 21. Bd3 Rd4 22. Rb2 Rb4 {[%cal Ra5b3]} 23. Rab1 Qf7 24. Bc4 Bxc4 25. bxc4 Rxb2 26. Qxb2 Qxc4 27. Rd1 f4 (27... h6 $17) 28. Rd7 $11 fxg3 {[#]} 29. Ne4 $1 {[%csl Gd7][%cal Rb2g7][%mdl 512]} gxh2+ $2 {[%mdl 8192]} (29... Rf7 $11 {and Black is okay.} 30. Rd8+ Rf8 31. Rxf8+ Kxf8 32. Nxg3 h6) (29... Qxe4 30. Qxg7#) 30. Kxh2 $18 {[%csl Gd7][%cal Rb2g7]} Rf7 {[#]} (30... Rxf2+ $142 31. Nxf2 Qf4+ 32. Kg2 Qg5+ 33. Kf1 Nc4) 31. Rd8+ $2 (31. Qe5 $1 $18 {[%cal Re5b8][%mdl 512] Qb8+ would kill now.} Qb4 32. Rxf7 Kxf7 33. Nd6+ Qxd6 34. Qxd6) 31... Rf8 $11 32. Rd7 {Av CentiPawn Loss W=-57/B=-83. Weighted=-49/-55} 1/2-1/2

[Event "7th Uppsala Young Champions"]
[Site "Uppsala"]
[Date "2020.10.26"]
[Round "6.16"]
[White "Muntean, Victor"]
[Black "Nilssen, Ellen Fredericia"]
[Result "0-1"]
[WhiteElo "1968"]
[BlackElo "2209"]
[Annotator "TA"]
[PlyCount "60"]
[EventDate "2020.10.23"]
[EventType "swiss"]
[EventCountry "SWE"]
[SourceTitle "playchess.com"]
[Source "ChessBase"]
[SourceQuality "1"]

{[%evp 12,60,24,25,24,27,20,0,13,14,23,0,0,0,0,-50,-45,-55,-49,-77,-75,-137,-141,-141,-136,-154,-137,-181,-144,-141,-139,-142,-144,-152,-134,-189,-189,-189,-192,-189,-189,-189,-188,-181,-162,-208,-193,-229,-210,-1679,-1496]} 1. e4 e6 2. d4 d5 3. e5 c5 4. c3 Nc6 5. Nf3 Bd7 6. Bd3 Rc8 7. dxc5 Bxc5 {C02: French: Advance Variation.} 8. b4 {has lost popularity (8.0-0).} Bb6 9. O-O Nge7 {The position is equal.} 10. Na3 Ng6 {[#]} 11. Bxg6 $146 ({Predecessor:} 11. Bg5 f6 12. exf6 gxf6 13. Bh6 Kf7 14. Nb5 Qe7 15. Re1 a6 16. Nbd4 Bxd4 17. Nxd4 {0-1 (45) Colovic,A (2443)-Orosz,A (2323) chess.com INT 2017}) 11... hxg6 12. Nb5 Bc7 $1 13. Nd6+ Bxd6 $1 14. exd6 Qf6 $36 {[%mdl 2048] Black is pushing.} 15. Bg5 Qxc3 16. b5 (16. Bd2 $142 Qb2 17. Rb1 Qxa2 18. b5) 16... Ne5 $17 {And now ...Nxf3+ would win.} 17. Rc1 Nxf3+ 18. Qxf3 Qxf3 19. Rxc8+ Bxc8 20. gxf3 {[%mdl 4096] Endgame KRB-KRB} f6 21. Rc1 Kd7 22. Be3 Kxd6 23. Bc5+ (23. f4 $17) 23... Ke5 $19 24. Bxa7 Bd7 25. Rc7 Bxb5 26. Rxb7 Be2 27. Kg2 Ra8 28. a4 d4 {Strongly threatening ...Kf4.} 29. Rd7 d3 {Threatens to win with ...Rxa7!} 30. a5 $2 {[#]} (30. Be3) 30... Rxa7 $1 {[%mdl 512] Av CentiPawn Loss W=-64/B=-13. Weighted=-147/-12} 0-1

[Event "7th Uppsala Young Champions"]
[Site "Uppsala"]
[Date "2020.10.26"]
[Round "6.17"]
[White "Crevatin, Leo"]
[Black "Stalmach, Richard"]
[Result "1/2-1/2"]
[WhiteElo "2181"]
[BlackElo "2296"]
[Annotator "TA"]
[PlyCount "77"]
[EventDate "2020.10.23"]
[EventType "swiss"]
[EventCountry "SWE"]
[SourceTitle "playchess.com"]
[Source "ChessBase"]
[SourceQuality "1"]

{[%evp 14,77,46,55,44,35,31,36,47,60,60,51,69,47,43,56,56,0,0,0,0,0,0,0,0,-13,-35,-82,-82,-82,-82,-82,-82,-78,0,-12,-9,-70,-75,-69,-69,-69,-69,-108,-80,-107,-109,-109,-111,-141,-93,-127,-120,-127,-45,-45,-45,-45,-45,-45,-45,-128,-45,-45,-21,-45]} 1. d4 Nf6 2. c4 g6 3. f3 Bg7 4. e4 d6 5. Nc3 O-O 6. Be3 Nc6 7. Nge2 a6 8. Qd2 Na5 {E83: King's Indian: Sämisch Panno (6...Nc6): Lines without either Nge2 or Qd2.} 9. Nf4 b5 10. h4 Nxc4 {White is slightly better.} 11. Bxc4 bxc4 12. h5 $1 e5 13. h6 Bh8 14. dxe5 dxe5 {[#]} 15. Qxd8 $146 ({White should play} 15. Nfd5 $14) ({Predecessor:} 15. Nfd5 Nxd5 16. Nxd5 Qd6 17. Qa5 Re8 18. O-O-O c3 19. Nxc7 cxb2+ 20. Kb1 Qc6 21. Nxe8 Be6 22. Rd8 {1-0 (22) Baron,T (2532)-Bakalchuk,J (2429) Ramat Gan 2018}) 15... Rxd8 $11 16. Nfd5 Nxd5 17. Nxd5 Bb7 18. Bg5 Rd6 19. Be7 Re6 {...Bxd5 is the strong threat.} 20. Nxc7 Rxe7 21. Nxa8 Bxa8 22. O-O-O {White wants to mate with Rd8+.} Bc6 23. Rd6 Bb5 (23... Re6 $1 $17 {[%cal Re6d6]} 24. Rxe6 fxe6) 24. Rhd1 Kf8 25. Rd8+ (25. R1d5 $11) 25... Re8 $15 26. R1d6 Ke7 27. Rxe8+ Kxe8 28. Kd2 Ke7 29. Rb6 Bf6 {Threatens to win with ...Bg5+.} 30. Rb7+ {[#]} Ke8 $1 31. Kc3 Be7 32. a4 Bxa4 33. Kxc4 Bb5+ ({Black should try} 33... Bg5 $17 34. Kd5 Bxh6 35. Kxe5 Bg5) 34. Kd5 Bf1 35. g4 Be2 36. Rb8+ Bd8 37. Kxe5 {[#]} (37. g5 $1 $15) 37... Bxf3 (37... g5 $1 $17 38. Rb3 f6+ 39. Kd6 Be7+ 40. Kd5 Kf7) 38. g5 $1 Be2 39. Kd6 {Av CentiPawn Loss W=-13/B=-11. Weighted=-13/-10} 1/2-1/2

[Event "7th Uppsala Young Champions"]
[Site "Uppsala"]
[Date "2020.10.26"]
[Round "6.18"]
[White "Ostensson, Julia"]
[Black "Urh, Zala"]
[Result "0-1"]
[WhiteElo "1562"]
[BlackElo "2195"]
[Annotator "TA"]
[PlyCount "66"]
[EventDate "2020.10.23"]
[EventType "swiss"]
[EventCountry "SWE"]
[SourceTitle "playchess.com"]
[Source "ChessBase"]
[SourceQuality "1"]

{[%evp 14,66,22,13,12,-4,8,-57,-5,-31,3,-6,7,-67,0,0,29,-28,61,-83,-29,-54,40,-1,0,0,0,-10,-10,-10,-4,-19,0,-56,-39,-87,-88,-193,-142,-279,-297,-335,-337,-588,-593,-1035,-1010,-1054,-1048,-1277,-1264,-2424,-2241,-2879,-2527]} 1. e4 e5 2. Nf3 Nc6 3. Bb5 a6 4. Ba4 Nf6 5. d3 b5 6. Bb3 Be7 7. Nbd2 O-O 8. c3 d5 {C77: Ruy Lopez: 3...a6 4 Ba4 Nf6, unusual lines.} 9. Qe2 Re8 10. Nf1 (10. O-O $11) 10... d4 {[#]} (10... a5 $15) 11. h3 $146 ({Predecessor:} 11. Ng3 Bf8 12. Ng5 Re7 13. f4 exf4 14. Bxf4 Bg4 15. Nf3 dxc3 16. bxc3 Na5 17. Bc2 {1-0 (56) Ophoff,J-Bhawoodien,S (2214) Johannesburg 2005}) 11... dxc3 12. bxc3 h6 13. g4 (13. Ne3 $11) 13... Nh7 (13... b4 $15 14. Ba4 Bb7) 14. Ng3 $11 Bf8 15. Nf5 (15. g5 $142 Nxg5 16. Bd5 (16. Nxg5 hxg5 17. Bd5 Qd6 $15) 16... Nxf3+ 17. Qxf3) 15... b4 ({Black should try} 15... Na5 $11) 16. h4 (16. Bd5 $14 Bd7 17. c4) 16... Na5 (16... bxc3 $17 {aiming for ...Be6.} 17. Kf1 Be6) 17. Bc2 c5 (17... bxc3 $15 18. g5 h5) 18. c4 Nc6 19. Ba4 Bd7 20. Bxc6 Bxc6 21. Rg1 {White wants to play g5.} Re6 22. Be3 a5 {[%cal Ba6a5,Ba5a4][%mdl 32]} 23. Qd2 ({Better is} 23. Nd2 $11) 23... a4 (23... Ra7 $5 {[%cal Ra7d7]} 24. Ke2 a4 $11) 24. g5 {[%cal Rg5h6] [#]} h5 $1 25. g6 (25. Kf1 $17) 25... fxg6 (25... Rxg6 $19 26. Ke2 Qc7) 26. Ng5 (26. Bg5 $17 Nxg5 27. Nxg5) 26... Rf6 $19 27. Nxh7 Kxh7 28. Bg5 $2 (28. Ng3 {was forced.}) 28... gxf5 {Black is clearly winning.} 29. exf5 Qd4 30. Rd1 Rxf5 31. Qc2 {[#]} b3 $1 32. axb3 axb3 33. Qd2 Ra2 {Av CentiPawn Loss W=-138/B=-41. Weighted=-117/-39} 0-1

[Event "7th Uppsala Young Champions"]
[Site "Uppsala"]
[Date "2020.10.26"]
[Round "6.19"]
[White "Grahn, Vidar"]
[Black "Buchert, Matthaus"]
[Result "1-0"]
[WhiteElo "1864"]
[BlackElo "1427"]
[Annotator "NA RC"]
[PlyCount "73"]
[EventDate "2020.10.23"]
[EventType "swiss"]
[EventCountry "SWE"]
[SourceTitle "playchess.com"]
[Source "ChessBase"]
[SourceQuality "1"]
[TimeControl "5400+30"]

1. e4 {[%emt 0:01:02]} c5 {[%emt 0:00:00]} 2. Nf3 {[%emt 0:00:07]} Nc6 {[%emt 0:00:00]} 3. d4 {[%emt 0:00:09]} cxd4 {[%emt 0:00:00]} 4. Nxd4 {[%emt 0:00:05]} Nf6 {[%emt 0:00:00]} 5. Nc3 {[%emt 0:00:03]} e5 {[%emt 0:00:02]} 6. Ndb5 {[%emt 0:00:08]} d6 {[%emt 0:00:05]} 7. Bg5 {[%emt 0:00:19]} a6 {[%emt 0:00:10]} 8. Na3 {[%emt 0:00:16]} b5 {[%emt 0:00:10]} 9. Nd5 {[%emt 0:00:11]} Be7 {[%emt 0:00:04]} 10. Bxf6 {[%emt 0:00:09]} Bxf6 {[%emt 0:00:06]} 11. c3 {[%emt 0:00:05]} O-O {[%emt 0:00:07]} 12. Nc2 {[%emt 0:00:02]} Rb8 {[%emt 0:00:12]} 13. h4 {[%emt 0:00:28]} g6 {[%emt 0:14:26]} 14. g3 {[%emt 0:02:21] B33: Sicilian: Pelikan and Sveshnikov Variations.} Bg7 {[%emt 0:28:04]} 15. h5 {[%emt 0:00:17]} Ne7 {[%emt 0:00:39]} 16. Nce3 {[%emt 0:00:35]} Nxd5 {[%emt 0:02:42]} 17. Nxd5 {[%emt 0:00:29]} Bb7 {[%emt 0:01:54] [#]} 18. hxg6 $146 {[%emt 0:05:37]} ({Predecessor:} 18. Be2 Bf6 19. Qd3 Bg5 20. Rd1 Rc8 21. Bf3 Rc5 22. Ne3 Rc6 23. Nd5 Rc5 24. Ne3 Rc6 25. Nd5 Rc5 {½-½ (25) Mueller,G (2575)-Moll,R (2603) GER email 2015}) 18... fxg6 {[%emt 0:08:43]} 19. Bh3 {[%emt 0:03:17]} Qg5 {[%emt 0:04:21]} 20. Be6+ {[%emt 0:08:04]} Kh8 {[%emt 0:00:49]} 21. Qd3 {[%emt 0:01:22]} Rbe8 {[%emt 0:15:49]} 22. Bd7 {[%emt 0:08:04]} Rd8 {[%emt 0:01:48]} 23. Bh3 {[%emt 0:00:39]} Bh6 {[%emt 0:07:26]} 24. Ke2 {[%emt 0:01:52]} Bxd5 {[%emt 0:04:55]} 25. exd5 {[%emt 0:03:09]} Rf6 {[%emt 0:03:03]} 26. Be6 $19 {[%emt 0:03:41]} (26. Bg2 $15) 26... Rdf8 {[%emt 0:01:19]} 27. Rh2 {[%emt 0:01:51]} Rf3 {[%emt 0:01:37]} 28. Qc2 {[%emt 0:03:18]} Re3+ {[%emt 0:01:44]} 29. Kd1 {[%emt 0:00:33]} Rff3 {[%emt 0:01:51]} 30. fxe3 {[%emt 0:01:56]} Rf1+ {[%emt 0:00:18]} 31. Ke2 {[%emt 0:00:12]} Rxa1 {[%emt 0:00:16]} 32. Qe4 {[%emt 0:03:21]} Rxa2 {[%emt 0:02:17]} 33. Kd3 {[%emt 0:01:18]} a5 {[%emt 0:00:57]} 34. Qf3 {[%emt 0:01:17]} b4 {[%emt 0:00:32]} 35. Rxh6 {[%emt 0:01:17]} Qd8 {[%emt 0:00:31]} 36. Qf7 {[%emt 0:00:50]} Qg8 {[%emt 0:00:28]} 37. Qxg8# {[%emt 0:00:10]} 1-0

[Event "7th Uppsala Young Champions"]
[Site "Uppsala"]
[Date "2020.10.26"]
[Round "6.20"]
[White "Ruzic, Pia Marie"]
[Black "Skahlberg Bjerknes-Lima de Far, Warg"]
[Result "1-0"]
[WhiteElo "1929"]
[BlackElo "1759"]
[Annotator "TA"]
[PlyCount "75"]
[EventDate "2020.10.23"]
[EventType "swiss"]
[EventCountry "SWE"]
[SourceTitle "playchess.com"]
[Source "ChessBase"]
[SourceQuality "1"]

{[%evp 20,75,37,45,33,29,47,41,28,32,38,22,23,15,15,14,41,31,38,27,47,41,60,34,68,59,74,0,69,45,66,62,124,131,147,154,693,693,940,896,904,927,1163,1159,1163,1140,1068,1253,1210,1188,1900,1846,1780,1779,1710,1682,3339,5739]} 1. c4 Nf6 2. Nc3 g6 3. Nf3 c5 4. g3 Bg7 5. Bg2 O-O 6. O-O Nc6 7. d4 cxd4 8. Nxd4 Nxd4 9. Qxd4 d6 10. Qd3 Rb8 11. Bd2 Bd7 {A39: Symmetrical English vs ...g6: 4 Bg2 Bg7 5 Nf3 Nf6 6 0-0 0-0 7 d4.} 12. Rac1 Bc6 13. e4 a6 {White is slightly better.} 14. b3 {[#]} b5 $146 ({Predecessor:} 14... Nd7 15. Be3 b5 16. cxb5 axb5 17. Ne2 Bb7 18. Qd2 Ra8 19. Nd4 Nc5 20. f3 b4 {0-1 (29) Doncea,V (2460)-Shoker,S (2448) Nice 2009}) 15. cxb5 axb5 16. Nd5 Bxd5 17. exd5 Nd7 18. Rfe1 Ne5 19. Qe2 Bf6 20. Rc2 Qd7 21. Rec1 $36 {[%mdl 2048] Black is under pressure.} Qa7 22. Be3 Qa5 23. Bd2 Qa7 $1 24. h3 Rb7 25. Kh2 Nd7 {[#]} (25... b4 $14) 26. Bh6 $1 $16 Rd8 27. Rc8 Qa5 $2 {[#] Loses the game.} (27... Rb8 $16 28. Rxd8+ Rxd8) 28. b4 $1 $18 {[%cal Rb4a5][%mdl 512] White is clearly winning.} Qb6 (28... Qxb4 29. Rxd8+) 29. R1c6 Rb8 30. Rxb6 Rdxc8 31. Rxb5 Ra8 32. Rb7 Ne5 33. f4 Nc4 {[#]} 34. a4 $1 Bg7 (34... Rxa4 35. Qxc4) 35. Qxe7 Rf8 36. Bxg7 Kxg7 {[#]} 37. f5 $1 Rae8 {[#]} (37... gxf5 38. Qg5+) 38. Qg5 $1 {Av CentiPawn Loss W=-2/B=-73. Weighted=-1/-99} 1-0